Language Quiz

Random Language or Album Quiz

Queen In Romance Languages Quiz Stats

 Plays Quiz not verified by Sporcle

Also try: 'B' Antonyms
Challenge
Share
Tweet
Embed
Score 0/25 Timer 05:00
0 Plays Today
Romance Language Translation Original English Title % Correct
Eres Mi Mejor AmigoYou're My Best Friend
86.4%
Regina AssassinaKiller Queen
80%
Pequeña Cosa Loca Llamada AmorCrazy Little Thing Called Love
70.3%
Sauve-moiSave Me
65.5%
Sota PressióUnder Pressure
59.5%
InsinuaçãoInnuendo
53.6%
Ces Sont Les Jours De Notre VieThese Are the Days Of Our Lives
49.7%
Omul InvizibilThe Invisible Man
49.4%
BalerinăDancer
48.7%
Principi dell'UniversoPrinces Of The Universe
48.7%
Es Este El Mundo Que Creamos...?Is This the World We Created...?
47.8%
Ne M'arrêtez Pas MaintenantDon't Stop Me Now
47.1%
Qualcuno Da AmareSomebody to Love
44.8%
Romance Language Translation Original English Title % Correct
Agora Estou AquiNow I'm Here
41.8%
É Uma Vida DuraIt's a Hard Life
41.6%
Tu Şi EuYou And I
39.8%
Mantente VivoKeep Yourself Alive
35.6%
Que Vol Viure Per SempreWho Wants to Live Forever
34.9%
Amor Demais Vai Te MatarToo Much Love Will Kill You
30.3%
La Lluvia Debe CaerRain Must Fall
27.1%
Pare A FillFather to Son
27.1%
Sunt Indragostit De Masina Mea I'm in Love With My Car
23.9%
CelosJealousy
21.1%
Abra Suas AsasSpread Your Wings
17.5%
Cine Are Nevoie De TineWho Needs You
9.4%

You're not logged in!

Compare scores with friends on all Sporcle quizzes.
Join for Free
OR
Log In

You Might Also Like...

Show Comments

Extras

Top Quizzes Today


Score Distribution

Your Account Isn't Verified!

In order to create a playlist on Sporcle, you need to verify the email address you used during registration. Go to your Sporcle Settings to finish the process.

Report this User

Report this user for behavior that violates our Community Guidelines.

Details: